00410nam a2200169 a 4500001000400000003000900004008004100013040002800054082001800082100001900100245002700119250000700146260002700153300001500180490002600195650001900221230CO-ViMGA141112s2004 ck r 000 u spa d aCO-ViMGAbspacCO-ViMGA04a839.736 G74h31 aGripe, María10aHugo / cMarìa Gripe a5a aMadrid : bS.M, c1988 a136 p : il aEl barco de vapor, 9914aCUENTOS SUECOS